000 00324nam a22001457a 4500
003 OSt
008 250519b |||||||| |||| 00| 0 eng d
100 _aSINGH, Dr. Karam
245 _aVedic Manyataye
250 _a1st
260 _aNew Delhi
_bArya Prakashan
_c1997
300 _a84
650 _aGeneral
942 _2ddc
_cBK
999 _c13595
_d13595